[Event "SF-2011-0-00111"]
[Site "LSS email"]
[Date "2011.09.13"]
[Round "?"]
[White "Metz, Patrick"]
[Black "Winter, Malcolm J"]
[Result "0-1"]
[WhiteElo "913"]
[BlackElo "1059"]
[PlyCount "36"]
[EventDate "2011.08.07"]
[EventType "tourn (corr)"]
[EventRounds "6"]
[EventCountry "GER"]
[SourceTitle "Telechess CBM 157"]
[Source "ChessBase"]
[SourceDate "2013.11.12"]
[SourceVersion "1"]
[SourceVersionDate "2013.11.12"]
[SourceQuality "1"]

1. e4 c6 2. d4 d5 3. Nc3 dxe4 4. Nxe4 Nf6 5. Nxf6+ exf6 6. Nf3 Bd6 7. Be3 Bg4 8. Be2 Nd7 9. Qd3 0-0 10. h3 Be6 11. g4 c5 12. dxc5 Nxc5 13. Bxc5 Bxc5 14. a3 Qxd3 15. Bxd3 Bd5 16. Be2 Rfe8 17. 0-0-0 Bc6 18. Rhe1 Bxf2 0-1

[Event "LSS No Engine Cup 49 Preliminary 3"]
[Site "LSS email"]
[Date "2011.08.26"]
[Round "?"]
[White "Metz, Patrick"]
[Black "Gamb, Roper"]
[Result "0-1"]
[WhiteElo "914"]
[BlackElo "1989"]
[PlyCount "34"]
[EventDate "2011.08.27"]
[EventType "tourn (corr)"]
[EventRounds "6"]
[EventCountry "GER"]
[SourceTitle "Corr 2015"]
[Source "ChessBase"]
[SourceDate "2015.07.17"]
[SourceVersion "1"]
[SourceVersionDate "2015.07.17"]
[SourceQuality "1"]

1. e4 c5 2. d4 cxd4 3. c3 dxc3 4. Nxc3 g6 5. Nf3 Bg7 6. Bc4 Nc6 7. 0-0 d6 8. Bg5 Nf6 9. Re1 Bg4 10. Qe2 Rc8 11. h3 Nd4 12. Qd3 Nxf3+ 13. gxf3 Bxh3 14. f4 0-0 15. Bxf7+ Rxf7 16. Qxh3 Qd7 17. Rad1 Qxh3 0-1

[Event "LSS SF-2010-0-00050"]
[Site "LSS email"]
[Date "2010.03.28"]
[Round "?"]
[White "Chatzisotiriou, Petros"]
[Black "Metz, Patrick"]
[Result "1-0"]
[WhiteElo "1150"]
[BlackElo "931"]
[PlyCount "69"]
[EventDate "2010.02.11"]
[EventType "tourn (corr)"]
[EventRounds "6"]
[EventCountry "GER"]
[SourceTitle "Corr 2013"]
[Source "ChessBase"]
[SourceDate "2012.11.12"]
[SourceVersion "1"]
[SourceVersionDate "2012.11.12"]
[SourceQuality "1"]
[WhiteTeam "US of America"]
[BlackTeam "US of America"]
[WhiteTeamCountry "USA"]
[BlackTeamCountry "USA"]

1. d4 d6 2. c4 Nf6 3. Nc3 g6 4. e4 Bg7 5. h3 0-0 6. f4 Nbd7 7. Nf3 b6 8. Bd3 Bb7 9. e5 dxe5 10. fxe5 Ne8 11. 0-0 e6 12. Qc2 c5 13. Bg5 Qc7 14. Nb5 Qc8 15. Be7 cxd4 16. Bxf8 Kxf8 17. Nbxd4 Nxe5 18. Nxe5 Bxe5 19. Qf2 Bxd4 20. Qxd4 Qc6 21. Qf2 Qc7 22. Rae1 Ng7 23. Qh4 Kg8 24. Rf2 Re8 25. Ref1 f5 26. Qf6 Qf7 27. Qe5 Ba8 28. Be2 Bb7 29. g4 Qe7 30. gxf5 exf5 31. Qc3 Qe4 32. Bf3 Qe7 33. Re2 Ne6 34. Kh1 Bxf3+ 35. Rxf3 1-0

[Event "LSS SF-2010-0-00050"]
[Site "LSS email"]
[Date "2010.03.24"]
[Round "?"]
[White "Slavin, Pablo"]
[Black "Metz, Patrick"]
[Result "0-1"]
[WhiteElo "1100"]
[BlackElo "955"]
[PlyCount "94"]
[EventDate "2010.02.11"]
[EventType "tourn (corr)"]
[EventRounds "6"]
[EventCountry "GER"]
[SourceTitle "Telechess CBM 141"]
[Source "ChessBase"]
[SourceDate "2011.03.17"]
[SourceVersion "1"]
[SourceVersionDate "2011.03.17"]
[SourceQuality "1"]

1. e4 d6 2. d4 Nf6 3. Nc3 g6 4. Nf3 Bg7 5. h3 0-0 6. Be2 Nbd7 7. 0-0 e5 8. Be3 b6 9. d5 Bb7 10. Qd2 c6 11. dxc6 Bxc6 12. Qxd6 Bb7 13. Rad1 Re8 14. Bg5 Nc5 15. Bxf6 Bxf6 16. Qxd8 Raxd8 17. Rxd8 Rxd8 18. Rd1 Rxd1+ 19. Bxd1 Nxe4 20. Nxe4 Bxe4 21. c3 Kg7 22. Kf1 Bd5 23. b3 e4 24. Nd4 Bxd4 25. cxd4 f5 26. g3 Kf6 27. Ke2 Ke6 28. Ke3 g5 29. h4 h6 30. f4 exf3 31. Bxf3 Bxf3 32. Kxf3 Kd5 33. hxg5 hxg5 34. Ke3 b5 35. a4 bxa4 36. bxa4 Kc4 37. a5 a6 38. g4 fxg4 39. Ke4 g3 40. Kf3 Kxd4 41. Kxg3 Kc5 42. Kg4 Kb5 43. Kxg5 Kxa5 44. Kf4 Kb4 45. Ke3 Kc3 46. Ke2 Kc2 47. Ke3 a5 0-1

[Event "OP-2010-0-01118"]
[Site "LSS email"]
[Date "2010.03.21"]
[Round "?"]
[White "Yangibayev, Rustam"]
[Black "Metz, Patrick"]
[Result "0-1"]
[WhiteElo "773"]
[BlackElo "941"]
[PlyCount "66"]
[EventDate "2010.03.17"]
[EventType "tourn (corr)"]
[EventRounds "4"]
[EventCountry "GER"]
[SourceTitle "Telechess CBM 141"]
[Source "ChessBase"]
[SourceDate "2011.03.17"]
[SourceVersion "1"]
[SourceVersionDate "2011.03.17"]
[SourceQuality "1"]

1. d4 d6 2. c4 Nf6 3. Nc3 g6 4. e4 Bg7 5. Be2 0-0 6. Bg5 c5 7. Nf3 cxd4 8. Nxd4 Nc6 9. Nf3 e5 10. 0-0 Be6 11. b3 Qc7 12. Re1 a6 13. Qd2 Rfd8 14. h3 Rab8 15. Bh6 Qb6 16. Rad1 Bxh6 17. Qxh6 Rd7 18. Ng5 Re8 19. h4 Ree7 20. h5 Qd8 21. Rd3 Qf8 22. Qxf8+ Kxf8 23. hxg6 hxg6 24. Nd5 Bxd5 25. exd5 Nd4 26. Bd1 Kg7 27. Rh3 Re8 28. b4 Rdd8 29. Kf1 Rh8 30. a4 Nd7 31. b5 axb5 32. axb5 Nb6 33. Rxh8 Rxh8 0-1

[Event "LSS SF-2010-0-00050"]
[Site "LSS email"]
[Date "2010.03.17"]
[Round "?"]
[White "Metz, Patrick"]
[Black "Pehl, Ferenc"]
[Result "1/2-1/2"]
[WhiteElo "967"]
[BlackElo "969"]
[PlyCount "44"]
[EventDate "2010.02.11"]
[EventType "tourn (corr)"]
[EventRounds "6"]
[EventCountry "GER"]
[SourceTitle "Corr 2013"]
[Source "ChessBase"]
[SourceDate "2012.11.12"]
[SourceVersion "1"]
[SourceVersionDate "2012.11.12"]
[SourceQuality "1"]
[WhiteTeam "US of America"]
[BlackTeam "US of America"]
[WhiteTeamCountry "USA"]
[BlackTeamCountry "USA"]

1. e4 e6 2. d3 d5 3. Nd2 dxe4 4. dxe4 e5 5. Ngf3 Bd6 6. g3 Nf6 7. Bg2 0-0 8. 0-0 Nc6 9. Re1 h6 10. h3 Re8 11. Nf1 Be6 12. b3 Qd7 13. Kh2 Rad8 14. Bb2 a6 15. Re2 Qe7 16. c3 Ba3 17. Qc2 Bxb2 18. Qxb2 Rd3 19. Rd2 Red8 20. Rxd3 Rxd3 21. N3d2 Qd7 22. Rd1 Kf8 1/2-1/2

[Event "LSS RN-2009-0-00218"]
[Site "LSS email"]
[Date "2009.06.23"]
[Round "?"]
[White "Jokmin, Alex"]
[Black "Metz, Patrick"]
[Result "0-1"]
[WhiteElo "766"]
[BlackElo "868"]
[PlyCount "46"]
[EventDate "2009.06.04"]
[EventType "tourn (corr)"]
[EventRounds "6"]
[EventCountry "GER"]
[SourceTitle "Corr 2011"]
[Source "ChessBase"]
[SourceDate "2010.08.31"]
[SourceVersion "1"]
[SourceVersionDate "2010.08.31"]
[SourceQuality "1"]

1. d4 d6 2. c4 Nf6 3. Nc3 g6 4. Nf3 Bg7 5. Bg5 0-0 6. e4 Nbd7 7. Bd3 b6 8. 0-0 c5 9. dxc5 Nxc5 10. Re1 Nfd7 11. Rc1 Nxd3 12. Qxd3 Bb7 13. b3 Nc5 14. Qc2 a6 15. e5 dxe5 16. Nd5 Bxd5 17. Rcd1 e4 18. Rxd5 Qc7 19. Nd2 h6 20. Bh4 f5 21. f3 e6 22. Rxc5 Qxc5+ 23. Kh1 g5 0-1

[Event "LSS SN-2009-0-00163"]
[Site "LSS email"]
[Date "2009.06.20"]
[Round "?"]
[White "Metz, Patrick"]
[Black "Garcia, Sergio"]
[Result "1-0"]
[WhiteElo "642"]
[BlackElo "800"]
[PlyCount "61"]
[EventDate "2009.06.10"]
[EventType "tourn (corr)"]
[EventRounds "6"]
[EventCountry "GER"]
[SourceTitle "Corr 2011"]
[Source "ChessBase"]
[SourceDate "2010.08.31"]
[SourceVersion "1"]
[SourceVersionDate "2010.08.31"]
[SourceQuality "1"]

1. d4 d5 2. Nf3 Nf6 3. e3 g6 4. Bd3 Bg7 5. c3 0-0 6. 0-0 Bg4 7. Nbd2 Nc6 8. Re1 a6 9. e4 dxe4 10. Nxe4 Re8 11. h3 Bxf3 12. Qxf3 b5 13. Nxf6+ Bxf6 14. Qxc6 e5 15. dxe5 Qxd3 16. Qxf6 Qf5 17. Bh6 Qxf6 18. exf6 Re6 19. Rxe6 fxe6 20. g4 Kf7 21. g5 e5 22. Rd1 c5 23. Rd7+ Ke6 24. Rxh7 Rd8 25. f7 Rd7 26. f8Q Rxh7 27. Qf6+ Kd5 28. Qxg6 Rd7 29. Qxa6 Ke4 30. Qc6+ Rd5 31. Kg2 1-0

[Event "LSS RN-2009-0-00216"]
[Site "LSS email"]
[Date "2009.06.13"]
[Round "?"]
[White "Babos, Istvan"]
[Black "Metz, Patrick"]
[Result "1-0"]
[WhiteElo "800"]
[BlackElo "642"]
[PlyCount "61"]
[EventDate "2009.05.25"]
[EventType "tourn (corr)"]
[EventRounds "6"]
[EventCountry "GER"]
[SourceTitle "Corr 2011"]
[Source "ChessBase"]
[SourceDate "2010.08.31"]
[SourceVersion "1"]
[SourceVersionDate "2010.08.31"]
[SourceQuality "1"]

1. e4 d6 2. d4 Nf6 3. Nc3 g6 4. Bb5+ c6 5. Be2 Bg7 6. Nf3 0-0 7. 0-0 Nbd7 8. h3 e5 9. Bg5 exd4 10. Qxd4 Qc7 11. Bf4 Ne5 12. Qd2 Rd8 13. Bg5 b5 14. a3 Ba6 15. Rfd1 Rd7 16. Nd4 d5 17. Bxf6 Bxf6 18. exd5 cxd5 19. Ndxb5 Bxb5 20. Bxb5 Nc4 21. Qe2 Bxc3 22. Bxd7 Bxb2 23. Rab1 Bg7 24. Bg4 Nxa3 25. Rb3 Nc4 26. Bf3 Rd8 27. Rxd5 Rxd5 28. Qe8+ Bf8 29. Bxd5 Nd6 30. Qc6 Qa5 31. g4 1-0

[Event "LSS RN-2009-0-00216"]
[Site "LSS email"]
[Date "2009.06.13"]
[Round "?"]
[White "Metz, Patrick"]
[Black "Bester, Kazimierz"]
[Result "1-0"]
[WhiteElo "642"]
[BlackElo "232"]
[PlyCount "46"]
[EventDate "2009.05.25"]
[EventType "tourn (corr)"]
[EventRounds "6"]
[EventCountry "GER"]
[SourceTitle "Corr 2011"]
[Source "ChessBase"]
[SourceDate "2010.08.31"]
[SourceVersion "1"]
[SourceVersionDate "2010.08.31"]
[SourceQuality "1"]

1. e4 c5 2. Nc3 d6 3. g3 a6 4. Bg2 Qc7 5. d3 Nf6 6. Be3 h6 7. f4 Bd7 8. Nf3 Nc6 9. 0-0 Ng4 10. Qd2 e6 11. h3 Nxe3 12. Qxe3 b5 13. Rad1 Nb4 14. Rf2 Ra7 15. d4 d5 16. exd5 cxd4 17. Nxd4 Bc5 18. dxe6 Bxe6 19. a3 0-0 20. axb4 Bxb4 21. Nxe6 fxe6 22. Qxe6+ Kh8 23. Nd5 Qd6 1-0

[Event "LSS RN-2009-0-00216"]
[Site "LSS email"]
[Date "2009.06.13"]
[Round "?"]
[White "Reede, Arvo"]
[Black "Metz, Patrick"]
[Result "0-1"]
[WhiteElo "991"]
[BlackElo "642"]
[PlyCount "78"]
[EventDate "2009.05.25"]
[EventType "tourn (corr)"]
[EventRounds "6"]
[EventCountry "GER"]
[SourceTitle "Corr 2011"]
[Source "ChessBase"]
[SourceDate "2010.08.31"]
[SourceVersion "1"]
[SourceVersionDate "2010.08.31"]
[SourceQuality "1"]

1. d4 d6 2. d5 Nf6 3. c4 g6 4. Nc3 Bg7 5. e4 0-0 6. Bd3 b6 7. Nf3 c5 8. Bg5 Nbd7 9. Qc2 Re8 10. 0-0 e6 11. Rfe1 Qc7 12. Rab1 Ba6 13. b4 exd5 14. Nxd5 Nxd5 15. cxd5 Bxd3 16. Qxd3 c4 17. Qc2 Rac8 18. a4 h6 19. Bc1 a6 20. Bb2 b5 21. axb5 axb5 22. Bxg7 Kxg7 23. Qc3+ Ne5 24. Nxe5 dxe5 25. f4 f6 26. fxe5 Qxe5 27. Qxe5 Rxe5 28. Ra1 c3 29. Rac1 f5 30. exf5 Rxd5 31. fxg6 Rd4 32. Re3 c2 33. Kf2 Rxb4 34. h3 Rb1 35. Ree1 Rxc1 36. Rxc1 b4 37. Ke2 b3 38. Kd2 b2 39. Rxc2 Rd8+ 0-1

[Event "LSS SN-2009-0-00160"]
[Site "LSS email"]
[Date "2009.06.12"]
[Round "?"]
[White "Metz, Patrick"]
[Black "Yangibayev, Rustam"]
[Result "1-0"]
[WhiteElo "642"]
[BlackElo "647"]
[PlyCount "75"]
[EventDate "2009.05.27"]
[EventType "tourn (corr)"]
[EventRounds "6"]
[EventCountry "GER"]
[SourceTitle "Corr 2011"]
[Source "ChessBase"]
[SourceDate "2010.08.31"]
[SourceVersion "1"]
[SourceVersionDate "2010.08.31"]
[SourceQuality "1"]

1. e4 c6 2. c4 d5 3. cxd5 cxd5 4. exd5 Qxd5 5. Nc3 Qd8 6. Nf3 Nf6 7. Bc4 Nc6 8. 0-0 Bg4 9. d3 e6 10. Be3 Bd6 11. h3 Bf5 12. Qa4 0-0 13. Nh4 Ne7 14. Nxf5 Nxf5 15. Qc2 Rc8 16. Rad1 Bb8 17. Rfe1 Qc7 18. g3 Nh4 19. gxh4 Qh2+ 20. Kf1 Qxh3+ 21. Ke2 a6 22. a3 b5 23. Ba2 a5 24. Qb3 Qg4+ 25. Kd2 b4 26. axb4 axb4 27. Ne2 Rfd8 28. Rh1 Qg2 29. Rdf1 Ne4+ 30. Ke1 Nc5 31. Bxc5 Rxc5 32. Qxb4 Rc2 33. Bb3 Rxb2 34. Qe7 Rf8 35. Rfg1 Qf3 36. Rxg7+ Kxg7 37. Rg1+ Kh6 38. Qg5# 1-0

[Event "LSS SN-2009-0-00160"]
[Site "LSS email"]
[Date "2009.06.12"]
[Round "?"]
[White "Razo, Ryan Jose"]
[Black "Metz, Patrick"]
[Result "0-1"]
[WhiteElo "914"]
[BlackElo "954"]
[PlyCount "54"]
[EventDate "2009.05.27"]
[EventType "tourn (corr)"]
[EventRounds "6"]
[EventCountry "GER"]
[SourceTitle "Corr 2011"]
[Source "ChessBase"]
[SourceDate "2010.08.31"]
[SourceVersion "1"]
[SourceVersionDate "2010.08.31"]
[SourceQuality "1"]

1. c4 d6 2. Nc3 Nf6 3. g3 g6 4. d4 Bg7 5. Nf3 0-0 6. Bg2 Nbd7 7. 0-0 c5 8. d5 a6 9. e4 b5 10. cxb5 axb5 11. Nd2 Ba6 12. Re1 b4 13. Ne2 Rb8 14. b3 Nxd5 15. Rb1 Bxe2 16. Qxe2 Nc3 17. Qg4 Nxb1 18. Nxb1 Ne5 19. Qe2 e6 20. Rd1 Ra8 21. Qc2 Ra6 22. a4 bxa3 23. Nxa3 Qb6 24. Nc4 Nxc4 25. bxc4 Bd4 26. Bd2 Rfa8 27. Bc3 Ra2 0-1

[Event "LSS SN-2009-0-00153"]
[Site "LSS email"]
[Date "2009.05.12"]
[Round "?"]
[White "Metz, Patrick"]
[Black "Ong, Allan C"]
[Result "1-0"]
[WhiteElo "642"]
[BlackElo "736"]
[PlyCount "61"]
[EventDate "2009.04.18"]
[EventType "tourn (corr)"]
[EventRounds "6"]
[EventCountry "GER"]
[SourceTitle "Corr 2011"]
[Source "ChessBase"]
[SourceDate "2010.08.31"]
[SourceVersion "1"]
[SourceVersionDate "2010.08.31"]
[SourceQuality "1"]

1. e4 d5 2. exd5 Nf6 3. Bb5+ Nbd7 4. c4 a6 5. Ba4 b5 6. cxb5 axb5 7. Bxb5 Bb7 8. Nf3 Bxd5 9. Nc3 Bb7 10. d4 c6 11. Bc4 e6 12. 0-0 Bd6 13. Bg5 0-0 14. Qb3 Rb8 15. Qc2 c5 16. dxc5 Bxc5 17. Rfd1 Qb6 18. b3 Ng4 19. Rxd7 Bxf2+ 20. Kh1 Qc5 21. Be7 Qh5 22. Bd6 Bxf3 23. gxf3 Qh3 24. Bf1 Qxf3+ 25. Bg2 Qxg2+ 26. Kxg2 Ne3+ 27. Kxf2 Nxc2 28. Rc1 Na3 29. Bxf8 Kxf8 30. Ra7 Nb5 31. Nxb5 1-0

[Event "LSS SN-2009-0-00153"]
[Site "LSS email"]
[Date "2009.05.10"]
[Round "?"]
[White "Vontina, Maria"]
[Black "Metz, Patrick"]
[Result "0-1"]
[WhiteElo "605"]
[BlackElo "642"]
[PlyCount "92"]
[EventDate "2009.04.18"]
[EventType "tourn (corr)"]
[EventRounds "6"]
[EventCountry "GER"]
[SourceTitle "Corr 2011"]
[Source "ChessBase"]
[SourceDate "2010.08.31"]
[SourceVersion "1"]
[SourceVersionDate "2010.08.31"]
[SourceQuality "1"]

1. e4 d6 2. d4 Nf6 3. f3 g6 4. Bc4 Bg7 5. Ne2 0-0 6. 0-0 c6 7. Bg5 b5 8. Bb3 Qb6 9. Kh1 Nbd7 10. a3 Ba6 11. Nbc3 e6 12. Be3 c5 13. dxc5 Nxc5 14. Ba2 Rfe8 15. b4 Rad8 16. bxc5 dxc5 17. Qe1 b4 18. axb4 Qxb4 19. Rb1 Qa3 20. Bb3 Qa5 21. Ra1 Qb6 22. Rb1 Qc7 23. Qf2 c4 24. Ba4 Nd7 25. Bxa7 Ra8 26. Be3 Bb7 27. Rfd1 Bc6 28. Bxc6 Qxc6 29. Kg1 Ra3 30. Bd4 e5 31. Be3 Rf8 32. Nd5 Qe6 33. Nec3 Rd8 34. Nc7 Qc6 35. N7d5 Nf6 36. Nxf6+ Bxf6 37. Nd5 Rda8 38. Nxf6+ Qxf6 39. Qg3 Rxe3 40. Rd5 Re8 41. Kf2 Rc3 42. Rc1 Qg7 43. Ke2 f6 44. Qf2 Rc8 45. Rc5 Qb7 46. Qe1 Rxc5 0-1

[Event "LSS SN-2009-0-00153"]
[Site "LSS email"]
[Date "2009.05.09"]
[Round "?"]
[White "Metz, Patrick"]
[Black "Lanier, Jeff"]
[Result "0-1"]
[WhiteElo "642"]
[BlackElo "730"]
[PlyCount "44"]
[EventDate "2009.04.18"]
[EventType "tourn (corr)"]
[EventRounds "6"]
[EventCountry "GER"]
[SourceTitle "Corr 2011"]
[Source "ChessBase"]
[SourceDate "2010.08.31"]
[SourceVersion "1"]
[SourceVersionDate "2010.08.31"]
[SourceQuality "1"]

1. e4 e5 2. Bc4 h6 3. d3 Nc6 4. Nc3 a6 5. a3 Nf6 6. f4 d6 7. Nf3 Bg4 8. h3 Be6 9. Bxe6 fxe6 10. fxe5 Nxe5 11. Nxe5 dxe5 12. Be3 Bd6 13. Qf3 Qe7 14. Rf1 0-0-0 15. Bf2 Rhf8 16. Qe3 Bc5 17. Qg3 Bxf2+ 18. Rxf2 Rf7 19. Qxe5 Rdf8 20. 0-0-0 Nd7 21. Rxf7 Rxf7 22. Kb1 Nxe5 0-1

[Event "LSS RN-2009-0-00178"]
[Site "LSS email"]
[Date "2009.02.06"]
[Round "?"]
[White "Metz, Patrick"]
[Black "Gatto, Carolina"]
[Result "1-0"]
[WhiteElo "931"]
[BlackElo "922"]
[PlyCount "23"]
[EventDate "2009.01.18"]
[EventType "tourn (corr)"]
[EventRounds "6"]
[EventCountry "GER"]
[SourceTitle "Corr 2013"]
[Source "ChessBase"]
[SourceDate "2012.11.12"]
[SourceVersion "1"]
[SourceVersionDate "2012.11.12"]
[SourceQuality "1"]

1. e4 c5 2. Nc3 e6 3. g3 d5 4. Bg2 Nf6 5. exd5 exd5 6. d3 Be6 7. Nf3 h6 8. 0-0 Be7 9. Re1 0-0 10. Ne2 Nc6 11. b3 b5 12. Bb2 1-0

[Event "LSS SN-2008-0-00125"]
[Site "LSS email"]
[Date "2008.12.09"]
[Round "?"]
[White "Metz, Patrick"]
[Black "Mori, Roberto"]
[Result "0-1"]
[WhiteElo "627"]
[BlackElo "649"]
[PlyCount "30"]
[EventDate "2008.12.05"]
[EventType "tourn (corr)"]
[EventRounds "6"]
[EventCountry "GER"]
[SourceTitle "Corr 2022"]
[Source "ChessBase"]
[SourceDate "2021.10.24"]
[SourceVersion "1"]
[SourceVersionDate "2021.10.24"]
[SourceQuality "1"]

1. e4 e5 2. Nf3 Nc6 3. Bb5 d6 4. h3 Bd7 5. Nc3 Nf6 6. Bxc6 Bxc6 7. d3 Be7 8. Be3 0-0 9. g4 h6 10. g5 hxg5 11. Bxg5 Nh5 12. Bxe7 Qxe7 13. Qe2 Qe6 14. Qe3 Nf4 15. h4 Ng2+ 0-1

[Event "LSS SN-2008-0-00125"]
[Site "LSS email"]
[Date "2008.12.09"]
[Round "?"]
[White "Van Dosselaer, Mattias"]
[Black "Metz, Patrick"]
[Result "0-1"]
[WhiteElo "800"]
[BlackElo "627"]
[PlyCount "86"]
[EventDate "2008.12.05"]
[EventType "tourn (corr)"]
[EventRounds "6"]
[EventCountry "GER"]
[SourceTitle "Corr 2011"]
[Source "ChessBase"]
[SourceDate "2010.08.31"]
[SourceVersion "1"]
[SourceVersionDate "2010.08.31"]
[SourceQuality "1"]

1. e4 e5 2. Bc4 Nf6 3. Nf3 Nc6 4. Ng5 d5 5. exd5 Na5 6. Qe2 Nxc4 7. Qxc4 Nxd5 8. d3 c6 9. Nc3 Be7 10. Nxd5 cxd5 11. Qa4+ Qd7 12. Qxd7+ Bxd7 13. 0-0 0-0 14. Re1 f6 15. Nf3 Rfc8 16. d4 Rxc2 17. dxe5 Bc6 18. Nd4 Rc4 19. Nxc6 bxc6 20. exf6 Bxf6 21. h3 Kf7 22. b3 Rc2 23. Rb1 Rxa2 24. Be3 h6 25. Rec1 Ra6 26. b4 d4 27. Bf4 Kg6 28. b5 cxb5 29. Rxb5 Rb6 30. Rxb6 axb6 31. Rc6 Ra6 32. Be5 d3 33. Bxf6 gxf6 34. Rd6 Ra3 35. Rxb6 Ra1+ 36. Kh2 d2 37. Rd6 d1Q 38. Rxd1 Rxd1 39. g4 h5 40. f3 hxg4 41. fxg4 Kg5 42. Kg3 Rd3+ 43. Kh2 Kh4 0-1

[Event "LSS SN-2008-0-00125"]
[Site "LSS email"]
[Date "2008.12.08"]
[Round "?"]
[White "Metz, Patrick"]
[Black "Pitymaty, Matyi"]
[Result "1-0"]
[WhiteElo "624"]
[BlackElo "800"]
[PlyCount "44"]
[EventDate "2008.12.05"]
[EventType "tourn (corr)"]
[EventRounds "6"]
[EventCountry "GER"]
[SourceTitle "Corr 2011"]
[Source "ChessBase"]
[SourceDate "2010.08.31"]
[SourceVersion "1"]
[SourceVersionDate "2010.08.31"]
[SourceQuality "1"]

1. e4 e5 2. Nf3 Nc6 3. Bc4 Nf6 4. d4 exd4 5. 0-0 Nxe4 6. Re1 d5 7. Nc3 dxc4 8. Rxe4+ Be7 9. Nxd4 f5 10. Rf4 0-0 11. Nxc6 Qxd1+ 12. Nxd1 bxc6 13. Rxc4 c5 14. Be3 Be6 15. Ra4 a6 16. Nc3 Rab8 17. Rxa6 Bc4 18. Ra7 Rxb2 19. Rc1 Bf6 20. Bd2 Rd8 21. Be1 Bxc3 22. Bxc3 Rxc2 1-0

[Event "LSS RN-2008-0-00163"]
[Site "LSS email"]
[Date "2008.11.17"]
[Round "?"]
[White "Metz, Patrick"]
[Black "Mori, Roberto"]
[Result "0-1"]
[WhiteElo "668"]
[BlackElo "669"]
[PlyCount "66"]
[EventDate "2008.11.13"]
[EventType "tourn (corr)"]
[EventRounds "6"]
[EventCountry "GER"]
[SourceTitle "Corr 2022"]
[Source "ChessBase"]
[SourceDate "2021.10.24"]
[SourceVersion "1"]
[SourceVersionDate "2021.10.24"]
[SourceQuality "1"]

1. e4 e5 2. Nf3 Nc6 3. Bb5 Bc5 4. d3 h6 5. b3 Nf6 6. Bb2 Bd4 7. Bxd4 exd4 8. 0-0 0-0 9. Bxc6 dxc6 10. Re1 Bg4 11. c3 c5 12. cxd4 cxd4 13. Nbd2 c5 14. Qc2 b6 15. a3 Be6 16. b4 Rc8 17. bxc5 bxc5 18. Nb3 Bxb3 19. Qxb3 Rb8 20. Qc4 Qc8 21. Nd2 Qc7 22. Nb3 Ng4 23. g3 Ne5 24. Qc2 Nf3+ 25. Kg2 Nxe1+ 26. Rxe1 Qb6 27. Nxc5 Rfc8 28. Rc1 Qb2 29. Qxb2 Rxb2 30. Rc4 Ra2 31. a4 Ra3 32. Kf3 Rxd3+ 33. Ke2 Rc3 0-1

[Event "LSS SN-2008-0-00121"]
[Site "LSS email"]
[Date "2008.11.13"]
[Round "?"]
[White "Tjiptadi, Kudus"]
[Black "Metz, Patrick"]
[Result "1-0"]
[WhiteElo "1050"]
[BlackElo "931"]
[PlyCount "47"]
[EventDate "2008.11.09"]
[EventType "tourn (corr)"]
[EventRounds "6"]
[EventCountry "GER"]
[SourceTitle "Corr 2013"]
[Source "ChessBase"]
[SourceDate "2012.11.12"]
[SourceVersion "1"]
[SourceVersionDate "2012.11.12"]
[SourceQuality "1"]
[WhiteTeam "US of America"]
[BlackTeam "US of America"]
[WhiteTeamCountry "USA"]
[BlackTeamCountry "USA"]

1. Nf3 Nf6 2. g3 g6 3. Bg2 Bg7 4. 0-0 0-0 5. d4 b6 6. c4 Bb7 7. Nc3 c5 8. d5 e6 9. e4 exd5 10. e5 Ne4 11. cxd5 Nxc3 12. bxc3 d6 13. Bf4 dxe5 14. Nxe5 Nd7 15. Nc6 Qf6 16. Rc1 Rfe8 17. c4 Nf8 18. d6 Re6 19. Ne7+ Rxe7 20. dxe7 Qxe7 21. Bd6 Qd7 22. Bxf8 Qxd1 23. Rfxd1 Bxg2 24. Bxg7 1-0

[Event "LSS OP-2008-0-00645"]
[Site "LSS email"]
[Date "2008.10.01"]
[Round "?"]
[White "Raines, David T"]
[Black "Metz, Patrick"]
[Result "1-0"]
[WhiteElo "1063"]
[BlackElo "931"]
[PlyCount "55"]
[EventDate "2008.09.29"]
[EventType "tourn (corr)"]
[EventRounds "4"]
[EventCountry "GER"]
[SourceTitle "Corr 2013"]
[Source "ChessBase"]
[SourceDate "2012.11.12"]
[SourceVersion "1"]
[SourceVersionDate "2012.11.12"]
[SourceQuality "1"]

1. d4 Nf6 2. Nf3 g6 3. c4 Bg7 4. Nc3 0-0 5. e4 d6 6. Be2 e5 7. 0-0 c6 8. d5 cxd5 9. cxd5 Nbd7 10. Nd2 Nc5 11. b4 Na6 12. a3 b6 13. Bb2 Bb7 14. Rc1 Bc8 15. Bd3 Nc7 16. Nb5 Nxb5 17. Bxb5 Bd7 18. Bd3 Rc8 19. Qe2 Bg4 20. f3 Bd7 21. Ba6 Rxc1 22. Rxc1 Qb8 23. b5 Bc8 24. Rc6 Bxa6 25. bxa6 Rc8 26. Qc4 Rxc6 27. Qxc6 Bh6 28. Nc4 1-0

[Event "LSS RN-2008-0-00146"]
[Site "LSS email"]
[Date "2008.08.10"]
[Round "?"]
[White "Heyboer, Peter J"]
[Black "Metz, Patrick"]
[Result "1/2-1/2"]
[WhiteElo "822"]
[BlackElo "712"]
[PlyCount "45"]
[EventDate "2008.07.27"]
[EventType "tourn (corr)"]
[EventRounds "6"]
[EventCountry "GER"]
[SourceTitle "Corr 2011"]
[Source "ChessBase"]
[SourceDate "2010.08.31"]
[SourceVersion "1"]
[SourceVersionDate "2010.08.31"]
[SourceQuality "1"]

1. e4 e5 2. Nf3 Nc6 3. Bb5 d6 4. 0-0 Bd7 5. c3 Nf6 6. Re1 Be7 7. d4 0-0 8. d5 Nb8 9. Bd3 c6 10. Be3 cxd5 11. exd5 Nxd5 12. Bxh7+ Kxh7 13. Qxd5 Bc6 14. Qd2 Bxf3 15. gxf3 Rh8 16. Qd3+ Kg8 17. Kh1 Qd7 18. Qf1 Rh3 19. Qg2 Nc6 20. Rg1 g6 21. Qg4 Qxg4 22. fxg4 b6 23. Rg3 1/2-1/2